Guess The Taylor Swift Song From The Last Line - Statistics

General Stats
  • This quiz has been taken 960 times
  • The average score is 7 of 10
Answer Stats
Hint Answer % Correct
"Please don't have somebody waiting on you" Enchanted
93%
"And I'll write your name" Blank Space
90%
"That's my man" willow
81%
"I'll show you every version of yourself tonight" mirrorball
73%
"Drew looks at me, I fake a smile so he won't see" Teardrops On My Guitar
70%
"And take a deep breath as you walk through the doors" Fifteen
69%
"And all at once" King Of My Heart
65%
"I gotta have you" 22
63%
"How'd you turn it right around?" Labyrinth
47%
"Cause you have to" Soon You'll Get Better
47%
No matching quizzes found
Score Distribution
Percent of People with Each Score
Percentile by Number Answered
Your Score History
You have not taken this quiz